| 000 | 00000nas 2200000za 4500 |
| 001 | 9.864491 |
| 003 | CaOODSP |
| 005 | 20221107161545 |
| 007 | cr ||||||||||| |
| 008 | 181108d19831984oncar p oss f000#b0eng| |
| 022 | # |y0828-9883 |
| 040 | |aCaOODSP|beng |
| 041 | |aeng|afre |
| 043 | |an-cn--- |
| 086 | 1 |aCS35-206-PDF |
| 245 | 00|aVeneer and plywood industries |h[electronic resource] / |cStatistics Canada, Industry Division, Census of Manufactures Section = Industries des placages et contre plaqués / Statistique Canada, Division de l'industrie, Section du recensement des manufactures. |
| 246 | 11|aIndustries des placages et contre plaqués |
| 260 | |aOttawa : |bStatistics Canada = Statistique Canada, |c1985-1986. |
| 300 | |a2 v. |
| 310 | |aAnnual |
| 362 | 0 |a1983-1984. |
| 490 | 0 |aAnnual census of manufactures = Recensement annuel des manufactures |
| 500 | |aParallel title: Industries des placages et contre plaqués. |
| 500 | |aDigitized edition from print [produced by Statistics Canada] |
| 546 | |aText in English and French. |
| 580 | |aContinues: Veneer and plywood mills. |
| 580 | |aMerged with: Sawmill , planing mill and shingle mill products industries; Sash, door and other millwork industries; and, Miscellaneous wood industries (Final), to become: Wood industries. |
| 692 | 07|2gccst|aWoodworking industry |
| 710 | 1 |aCanada. |bStatistics Canada. |bCensus of Manufactures Section. |
| 780 | 00|tVeneer and plywood mills |w(CaOODSP)9.864482 |
| 785 | 00|tWood industries |w(CaOODSP)9.864658 |
| 792 | |tVeneer and plywood industries |efre|w(CaOODSP)9.864494 |